Canadian Blitz Quiz Stats

 Plays Quiz not verified by Sporcle

Score 0/20 Timer 02:00
0 Plays Today
Hint Answer % Correct
????
100%
????
97.6%
????
94.7%
????
92.9%
????
92.3%
????
92.3%
????
92.3%
????
92.3%
????
88.8%
????
87%
Hint Answer % Correct
????
87%
????
83.4%
????
81.7%
????
69.8%
????
65.1%
????
62.7%
????
49.1%
????
37.9%
????
30.8%
????
23.1%

You're not logged in!

Compare scores with friends on all Sporcle quizzes.
OR
Log In

Show Comments

Extras

Created Nov 7, 2010ReportNominate
Tags:Blitz Quiz, Canada Quiz

Top Quizzes Today


Score Distribution

Your Account Isn't Verified!

In order to create a playlist on Sporcle, you need to verify the email address you used during registration. Go to your Sporcle Settings to finish the process.

Report this User

Report this user for behavior that violates our Community Guidelines.

Details: